Statistics for 70s Musical Acts A-Z

Click here to take the quiz!

General Stats

  • This quiz has been taken 103 times
  • The average score is 14 of 25

Answer Stats

SongsMusical Act% Correct
Q"Bohemian Rhapsody"Queen
100%
A"Dancing Queen"ABBA
100%
E"Your Song"Elton John
89%
B"Heart Of Glass"Blondie
85%
C"London Calling"The Clash
80%
F"Go Your Own Way"Fleetwood Mac
80%
P"Comfortably Numb"Pink Floyd
74%
L"Whole Lotta Love"Led Zeppelin
70%
D"Life On Mars?"David Bowie
67%
M"What's Going On"Marvin Gaye
66%
N"Heart Of Gold"Neil Young
62%
R"Blitzkrieg Bop"Ramones
62%
Z"La Grange"ZZ Top
61%
G"Got My Mind Set On You"George Harrison
57%
S"Sir Duke"Stevie Wonder
53%
T"Psycho Killer"Talking Heads
52%
J"Aqualung"Jethro Tull
46%
K"Wuthering Heights"Kate Bush
40%
H"The Air That I Breathe"The Hollies
38%
I"The Passenger"Iggy Pop
33%
V"Eruption"Van Halen
29%
Y"Wild World"Yusuf / Cat Stevens
29%
U"Teenage Kicks"The Undertones
23%
W"Highwayman"Willie Nelson
17%
O"Another Girl, Another Planet"The Only Ones
7%

Score Distribution

Percentile by Number Answered

Percent of People with Each Score

Your Score History

You have not taken this quiz